[Event "Landesliga Ost MV 2014-15"]
[Site "Mecklenburg-Vorpommern"]
[Date "2015.02.22"]
[Round "6.6"]
[White "Schmekel, Matthias"]
[Black "Baier, Karsten"]
[Result "0-1"]
[WhiteElo "1425"]
[BlackElo "1860"]
[PlyCount "106"]
[EventType "team-tourn"]
[EventRounds "9"]
[EventCountry "GER"]
[SourceDate "2014.04.06"]
[WhiteTeam "SAV Torgelow-Droegeheide 90  II"]
[BlackTeam "SG Eintracht Neubrandenburg  "]

1. e4 e5 2. Nf3 Nc6 3. d4 exd4 4. Nxd4 Be7 5. Nc3 d6 6. Be3 Bd7 7. Qd2 a6 8.
Be2 Nf6 9. O-O-O b5 10. f3 Nxd4 11. Bxd4 b4 12. Nd5 a5 13. Rhe1 O-O 14. Bc4 Re8
15. e5 Nxd5 16. Bxd5 c6 17. e6 cxd5 18. exd7 Qxd7 19. Be3 Qa4 20. Kb1 Rac8 21.
b3 Qc6 22. Bd4 Bf8 23. Rxe8 Rxe8 24. Bb2 Qc5 25. Bd4 Qb5 26. Bb2 Re2 27. Qxd5
Qxd5 28. Rxd5 Re1+ 29. Bc1 g6 30. Rxa5 Bh6 31. Ra8+ Kg7 32. a3 bxa3 33. Rxa3
Bxc1 34. Ra6 Bf4+ 35. Kb2 Be5+ 36. c3 Re2+ 37. Ka3 Rxg2 38. Rc6 Rxh2 39. b4 Kf6
40. b5 Rh1 41. c4 Ra1+ 42. Kb3 Ke6 43. Rc7 Bd4 44. Rc6 Kd7 45. Kc2 Ra8 46. Kd3
Bc5 47. Ke4 Re8+ 48. Kf4 Be3+ 49. Kg3 Rc8 50. Ra6 Rxc4 51. b6 Kc6 52. b7+ Kxb7
53. Rxd6 Bf4+ 0-1

[Event "Landesliga Ost MV 2014-15"]
[Site "Mecklenburg-Vorpommern"]
[Date "2015.02.22"]
[Round "6.7"]
[White "Winkler, Karl"]
[Black "Bollnow, Alex"]
[Result "1-0"]
[WhiteElo "1811"]
[BlackElo "1406"]
[PlyCount "73"]
[EventType "team-tourn"]
[EventRounds "9"]
[EventCountry "GER"]
[SourceDate "2014.04.06"]
[WhiteTeam "SG Eintracht Neubrandenburg  "]
[BlackTeam "SAV Torgelow-Droegeheide 90  II"]

1. e4 c5 2. Nf3 Nc6 3. d4 cxd4 4. Nxd4 g6 5. Nc3 Bg7 6. Nxc6 bxc6 7. Bd2 d5 8.
exd5 cxd5 9. Bb5+ Bd7 10. Bxd7+ Qxd7 11. O-O Nf6 12. Qc1 O-O 13. Bh6 Rab8 14.
Bxg7 Kxg7 15. Rd1 Rfc8 16. Rb1 e6 17. Rd3 Qc7 18. a4 Ng4 19. Rg3 Ne5 20. Qe3
Nc4 21. Qd4+ Kg8 22. Nb5 Qb6 23. Qxb6 Rxb6 24. Rc3 a6 25. Na3 Rcb8 26. Nxc4
dxc4 27. Rxc4 Rxb2 28. Rxb2 Rxb2 29. Kf1 Kg7 30. Ke2 Kf6 31. Kd3 Rb6 32. Kc3 h6
33. Kd4 Rd6+ 34. Kc5 Rd5+ 35. Kb6 a5 36. Rf4+ Ke7 37. c4 1-0

[Event "Landesliga Ost MV 2014-15"]
[Site "Mecklenburg-Vorpommern"]
[Date "2015.02.22"]
[Round "6.8"]
[White "Troemer, Felix"]
[Black "Zibell, Walter"]
[Result "0-1"]
[WhiteElo "1461"]
[BlackElo "1811"]
[PlyCount "52"]
[EventType "team-tourn"]
[EventRounds "9"]
[EventCountry "GER"]
[SourceDate "2014.04.06"]
[WhiteTeam "SAV Torgelow-Droegeheide 90  II"]
[BlackTeam "SG Eintracht Neubrandenburg  "]

1. e4 c5 2. Nf3 d6 3. d4 cxd4 4. Nxd4 Nf6 5. Nc3 a6 6. a4 e5 7. Nb3 Be6 8. Bg5
Nbd7 9. Be2 Be7 10. O-O O-O 11. Be3 Rc8 12. f3 Nb6 13. Nd2 d5 14. exd5 Nbxd5
15. Nxd5 Nxd5 16. Bf2 Qc7 17. c3 Rfd8 18. a5 Bg5 19. Qe1 Ne3 20. Ne4 Bh6 21.
Bxa6 Nxf1 22. Bb6 Be3+ 23. Qxe3 Nxe3 24. Bxc7 Rxc7 25. Bxb7 Rxb7 26. b4 Bc4 0-1

[Event "Landesliga Ost MV 2014-15"]
[Site "Mecklenburg-Vorpommern"]
[Date "2015.02.22"]
[Round "6.1"]
[White "Jeske, Holger"]
[Black "Pawlick, Helmut"]
[Result "1-0"]
[WhiteElo "1833"]
[BlackElo "1816"]
[PlyCount "109"]
[EventType "team-tourn"]
[EventRounds "9"]
[EventCountry "GER"]
[SourceDate "2014.04.06"]
[WhiteTeam "SSC Rostock 07  III"]
[BlackTeam "SV Rugia Bergen"]

1. e4 e6 2. f4 d5 3. e5 c5 4. b4 cxb4 5. d4 Nc6 6. Be3 Nge7 7. Be2 Nf5 8. Bf2
Be7 9. Nf3 O-O 10. O-O f6 11. g4 Nh6 12. h3 fxe5 13. fxe5 Bd7 14. Be3 Nf7 15.
Qc1 h6 16. Nbd2 Ng5 17. Nxg5 Rxf1+ 18. Bxf1 Bxg5 19. Nf3 Bxe3+ 20. Qxe3 Qe7 21.
Bd3 Rf8 22. Rf1 Nd8 23. Kg2 Nf7 24. h4 g5 25. Kg3 gxh4+ 26. Nxh4 Qg5 27. Qf2
Qg7 28. Ng6 Re8 29. Nf4 Re7 30. Nh5 Qg5 31. Nf6+ Kh8 32. Rh1 a6 33. Rh5 Qg7 34.
Qh2 Bb5 35. Bh7 Rc7 36. Kf4 Rc3 37. g5 hxg5+ 38. Kg4 Nh6+ 39. Rxh6 Be2+ 40.
Qxe2 Qxh6 41. Bd3 Qh4+ 42. Kf3 Qxd4 43. Kg2 Qh4 44. Ng4 Kg8 45. Qf3 Qh8 46.
Nf6+ Kg7 47. Qg4 Kf7 48. Qxb4 Qc8 49. Qb1 Qb8 50. Qf1 Ke7 51. Qh1 Qf8 52. Qh5
Kd8 53. Qxg5 Kc8 54. Qg4 Qe7 55. Nxd5 1-0

[Event "Landesliga Ost MV 2014-15"]
[Site "Mecklenburg-Vorpommern"]
[Date "2015.02.22"]
[Round "6.2"]
[White "Pawlowicz, Wolfgang"]
[Black "Menkhaus, Wolf Dieter"]
[Result "0-1"]
[WhiteElo "1711"]
[BlackElo "1840"]
[PlyCount "94"]
[EventType "team-tourn"]
[EventRounds "9"]
[EventCountry "GER"]
[SourceDate "2014.04.06"]
[WhiteTeam "SV Rugia Bergen"]
[BlackTeam "SSC Rostock 07  III"]

1. c4 c5 2. Nc3 Nc6 3. g3 Nf6 4. Bg2 e6 5. d3 d5 6. cxd5 Nxd5 7. Nf3 Be7 8. O-O
O-O 9. a3 Rb8 10. Bd2 b6 11. Rc1 Bb7 12. Qa4 a6 13. Nxd5 exd5 14. Bf4 Bd6 15.
Bxd6 Qxd6 16. e3 Rfd8 17. Rfd1 a5 18. Rd2 Ne7 19. Qg4 Bc8 20. Qg5 Ng6 21. e4 f6
22. Qe3 d4 23. Qe2 Ba6 24. h4 Ne5 25. Nxe5 fxe5 26. Bh3 Qh6 27. Rcd1 Rf8 28.
Rf1 Rb7 29. Kg2 Rc7 30. b3 Qc6 31. Qh5 Re7 32. Qg5 Qf6 33. Qxf6 Rxf6 34. f4 g6
35. f5 Bc8 36. g4 gxf5 37. g5 Rf8 38. exf5 e4 39. dxe4 Rxe4 40. Rd3 Rxh4 41.
Kg3 Rxh3+ 42. Kxh3 Bxf5+ 43. Rxf5 Rxf5 44. Kg4 Rf1 45. Rh3 b5 46. Rh6 d3 47.
Rd6 c4 0-1

[Event "Landesliga Ost MV 2014-15"]
[Site "Mecklenburg-Vorpommern"]
[Date "2015.02.22"]
[Round "6.3"]
[White "Moritz, Hartmut"]
[Black "Wichert, Till"]
[Result "1-0"]
[WhiteElo "1831"]
[BlackElo "1411"]
[PlyCount "81"]
[EventType "team-tourn"]
[EventRounds "9"]
[EventCountry "GER"]
[SourceDate "2014.04.06"]
[WhiteTeam "SSC Rostock 07  III"]
[BlackTeam "SV Rugia Bergen"]

1. e4 e6 2. d4 d5 3. e5 c5 4. c3 Nc6 5. Nf3 Qb6 6. a3 cxd4 7. cxd4 Nh6 8. b4
Nf5 9. Be3 Nxe3 10. fxe3 Bd7 11. Bd3 Be7 12. O-O Rc8 13. Kh1 O-O 14. Nbd2 f6
15. b5 Na5 16. Qe2 f5 {(=)} 17. a4 Rc3 18. Rac1 Rfc8 19. Rxc3 Rxc3 20. Ne1 Rc8
21. g4 Rf8 22. Qg2 fxg4 23. Rxf8+ Bxf8 24. Qxg4 Qd8 25. Nef3 Be7 26. e4 Qc8 27.
Kg2 Nc4 28. Nxc4 dxc4 29. Bc2 c3 30. Qf4 h6 31. Qe3 a6 32. bxa6 bxa6 33. d5
exd5 34. exd5 Bh3+ 35. Kh1 Qc4 36. Qd3 Qg4 37. Qe2 Qf4 38. d6 Bd8 39. Qe4 Qc1+
40. Ne1 Bg5 41. e6 1-0

[Event "Landesliga Ost MV 2014-15"]
[Site "Mecklenburg-Vorpommern"]
[Date "2015.02.22"]
[Round "6.4"]
[White "Burwitz, Joerg"]
[Black "Hochgraefe, Hans Juergen"]
[Result "1/2-1/2"]
[WhiteElo "1676"]
[BlackElo "1805"]
[PlyCount "25"]
[EventType "team-tourn"]
[EventRounds "9"]
[EventCountry "GER"]
[SourceDate "2014.04.06"]
[WhiteTeam "SV Rugia Bergen"]
[BlackTeam "SSC Rostock 07  III"]

1. d4 Nf6 2. Nf3 e6 3. g3 b6 4. Bg2 Bb7 5. O-O c5 6. c3 Be7 7. dxc5 bxc5 8. Qb3
Qb6 9. Na3 Nc6 10. Bg5 h6 11. Bxf6 gxf6 12. Qxb6 axb6 13. e4 1/2-1/2

[Event "Landesliga Ost MV 2014-15"]
[Site "Mecklenburg-Vorpommern"]
[Date "2015.02.22"]
[Round "6.5"]
[White "Herde, Dittmar"]
[Black "Tabbert, Dirk"]
[Result "1-0"]
[WhiteElo "1788"]
[BlackElo "1629"]
[PlyCount "79"]
[EventType "team-tourn"]
[EventRounds "9"]
[EventCountry "GER"]
[SourceDate "2014.04.06"]
[WhiteTeam "SSC Rostock 07  III"]
[BlackTeam "SV Rugia Bergen"]

1. d4 f5 2. Nf3 Nf6 3. c4 e6 4. g3 Be7 5. Bg2 O-O 6. O-O c6 7. Nc3 d5 8. b3 Qe8
9. cxd5 exd5 10. Ne5 Be6 11. Qd3 Ne4 12. f4 Qh5 13. Nxe4 fxe4 14. Qd2 Rf6 15.
e3 Rh6 16. Bh1 Bb4 17. Qf2 Na6 18. Bd2 Rf8 19. Bxb4 Nxb4 20. Qd2 Qh3 21. Rf2
Na6 22. Rc1 Bc8 23. a3 Rh5 24. Qe2 Nc7 25. Rg2 Rh6 26. g4 Rd6 27. Rg3 Qh6 28.
g5 Qe6 29. Bg2 Qe7 30. Bh3 Rdd8 31. a4 Qa3 32. Qc2 Qb4 33. Rd1 Ne8 34. Kf2 Nd6
35. Bxc8 Rxc8 36. Rh3 c5 37. Qe2 Rf5 38. Qh5 h6 39. Qg6 Rd8 40. gxh6 1-0

[Event "Landesliga Ost MV 2014-15"]
[Site "Mecklenburg-Vorpommern"]
[Date "2015.02.22"]
[Round "6.6"]
[White "Pawlowicz, Karsten"]
[Black "Maertin, Heinz"]
[Result "1/2-1/2"]
[WhiteElo "1592"]
[BlackElo "1673"]
[PlyCount "36"]
[EventType "team-tourn"]
[EventRounds "9"]
[EventCountry "GER"]
[SourceDate "2014.04.06"]
[WhiteTeam "SV Rugia Bergen"]
[BlackTeam "SSC Rostock 07  III"]

1. e4 c5 2. Nf3 a6 3. d4 cxd4 4. Nxd4 Nf6 5. Bd3 d6 6. c3 Qc7 7. Be3 e5 8. Nc2
Be7 9. f3 Nbd7 10. O-O O-O 11. a4 b6 12. Bf2 Nc5 13. b4 Nxd3 14. Qxd3 Be6 15.
Ne3 Rfc8 16. Rc1 Qb7 17. Nd2 d5 18. exd5 Nxd5 1/2-1/2

[Event "Landesliga Ost MV 2014-15"]
[Site "Mecklenburg-Vorpommern"]
[Date "2015.02.22"]
[Round "6.7"]
[White "Raitza, Egon"]
[Black "Rosenbusch, Robert Mario"]
[Result "1/2-1/2"]
[WhiteElo "1652"]
[BlackElo "1664"]
[PlyCount "50"]
[EventType "team-tourn"]
[EventRounds "9"]
[EventCountry "GER"]
[SourceDate "2014.04.06"]
[WhiteTeam "SSC Rostock 07  III"]
[BlackTeam "SV Rugia Bergen"]

1. d4 e6 2. c4 Nf6 3. Nc3 b6 4. e4 Bb4 5. Bd3 Bb7 6. f3 d5 7. cxd5 exd5 8. e5
Nfd7 9. Be3 O-O 10. a3 Be7 11. Nge2 c5 12. f4 cxd4 13. Nxd4 Nc5 14. Bc2 Nc6 15.
Ncb5 Nxd4 16. Nxd4 Ne4 17. O-O Bc5 18. b4 Bxd4 19. Qxd4 Rc8 20. Rac1 Rc4 21.
Qb2 Qd7 22. Bd4 Rfc8 23. Bd3 Rxc1 24. Rxc1 Rxc1+ 25. Qxc1 h6 1/2-1/2

[Event "Landesliga Ost MV 2014-15"]
[Site "Mecklenburg-Vorpommern"]
[Date "2015.02.22"]
[Round "6.8"]
[White "Scheel, Manfred"]
[Black "Worm, Alfred"]
[Result "1-0"]
[WhiteElo "1501"]
[BlackElo "1645"]
[PlyCount "143"]
[EventType "team-tourn"]
[EventRounds "9"]
[EventCountry "GER"]
[SourceDate "2014.04.06"]
[WhiteTeam "SV Rugia Bergen"]
[BlackTeam "SSC Rostock 07  III"]

1. e4 c6 2. Nf3 d5 3. exd5 cxd5 4. Nc3 Nf6 5. Bb5+ Bd7 6. Bxd7+ Nbxd7 7. O-O e6
8. d4 Be7 9. Ne2 Rc8 10. c3 O-O 11. Bg5 h6 12. Bh4 Ne4 13. Bxe7 Qxe7 14. Nd2
Ndf6 15. Nxe4 Nxe4 16. f3 Nd6 17. Re1 b5 18. Nf4 Qg5 19. Nd3 Rc7 20. Nc5 Rfc8
21. Qb3 a5 22. Re5 Qg6 23. Rae1 b4 24. Nxe6 Rc4 25. Nf4 Qh7 26. Nxd5 bxc3 27.
bxc3 Qd3 28. Ne7+ Kh7 29. Nxc8 Rxc3 30. R5e3 Rxb3 31. Rxd3 Rxd3 32. Nxd6 Rxd4
33. Nxf7 Rd2 34. Ra1 Kg6 35. Ne5+ Kf5 36. Nc4 Re2 37. Nxa5 Ke5 38. a4 Kd5 39.
Nb7 Kc6 40. Nd8+ Kc7 41. Nf7 Re7 42. Nh8 Re2 43. f4 Kb6 44. a5+ Ka6 45. Nf7 Re4
46. g3 Re2 47. Ne5 Rc2 48. Nd3 Rc4 49. Kg2 Rc2+ 50. Kh3 Rc4 51. Kg4 Rc2 52. h3
Rc4 53. Kh5 Rc3 54. Nb4+ Ka7 55. Kh4 Rc4 56. Nd5 Rc5 57. Ne3 g6 58. g4 Rc3 59.
Nd5 Rc6 60. a6 Rc5 61. Ne7 g5+ 62. fxg5 hxg5+ 63. Kh5 Rc7 64. Nf5 Rc3 65. Kxg5
Rxh3 66. Kf6 Rb3 67. g5 Rb6+ 68. Kg7 Rb5 69. Kg6 Rb6+ 70. Kh5 Rb5 71. Nd6 Rb6
72. Nc8+ 1-0

[Event "Landesliga Ost MV 2014-15"]
[Site "Mecklenburg-Vorpommern"]
[Date "2015.02.22"]
[Round "6.1"]
[White "Stork, Michael"]
[Black "Voelschow, Siegfried"]
[Result "1-0"]
[WhiteElo "2038"]
[BlackElo "1957"]
[PlyCount "59"]
[EventType "team-tourn"]
[EventRounds "9"]
[EventCountry "GER"]
[SourceDate "2014.04.06"]
[WhiteTeam "ESV Waren"]
[BlackTeam "SV Waterkant Saal"]

1. Nf3 d5 2. d4 Nf6 3. c4 e6 4. Nc3 c6 5. Bg5 Be7 6. e3 Nbd7 7. Rc1 O-O 8. Bd3
dxc4 9. Bxc4 Nd5 10. Bxe7 Qxe7 11. O-O N7f6 12. Qc2 Nb4 13. Qb1 b5 14. Bb3 Bb7
15. a3 Na6 16. Bc2 b4 17. Ne4 Nd5 18. a4 f5 19. Ng3 c5 20. Bd3 Rac8 21. Rfe1
Nb6 22. Ne5 Rfd8 23. Bxa6 Bxa6 24. dxc5 Nxa4 25. c6 Nc5 26. Qa2 b3 27. Qa3 Rd5
28. f4 Rxe5 29. fxe5 Rxc6 30. Rc3 1-0

[Event "Landesliga Ost MV 2014-15"]
[Site "Mecklenburg-Vorpommern"]
[Date "2015.02.22"]
[Round "6.2"]
[White "Schwarz, Eckhard"]
[Black "Schumacher, Albrecht"]
[Result "0-1"]
[WhiteElo "1863"]
[BlackElo "1950"]
[PlyCount "78"]
[EventType "team-tourn"]
[EventRounds "9"]
[EventCountry "GER"]
[SourceDate "2014.04.06"]
[WhiteTeam "SV Waterkant Saal"]
[BlackTeam "ESV Waren"]

1. d4 Nf6 2. Nf3 e6 3. Bg5 Be7 4. e3 b6 5. Bd3 Ba6 6. O-O Bxd3 7. Qxd3 h6 8.
Bh4 g5 9. Bg3 d6 10. e4 Nh5 11. Nc3 O-O 12. h3 Nxg3 13. fxg3 Nd7 14. g4 Bf6 15.
Rad1 Bg7 16. Ne2 Qe7 17. Ng3 Rad8 18. c3 c5 19. Rc1 Rc8 20. Rc2 Rc7 21. a4 Rfc8
22. Rcf2 cxd4 23. cxd4 Nf8 24. Nh5 Qe8 25. Nxg7 Kxg7 26. Qa3 Qd8 27. b3 Ng6 28.
g3 d5 29. e5 Qf8 30. b4 a5 31. Rb1 Rc4 32. Rfb2 Rc3 33. Rb3 axb4 34. Qa1 f6 35.
Rxc3 bxc3 36. exf6+ Qxf6 37. Kg2 e5 38. dxe5 Nxe5 39. Nd4 Nxg4 0-1

[Event "Landesliga Ost MV 2014-15"]
[Site "Mecklenburg-Vorpommern"]
[Date "2015.02.22"]
[Round "6.3"]
[White "Schreiner, Wolfgang"]
[Black "Onasch, Gunnar"]
[Result "1-0"]
[WhiteElo "1830"]
[BlackElo "1821"]
[PlyCount "105"]
[EventType "team-tourn"]
[EventRounds "9"]
[EventCountry "GER"]
[SourceDate "2014.04.06"]
[WhiteTeam "ESV Waren"]
[BlackTeam "SV Waterkant Saal"]

1. e4 d5 2. exd5 Nf6 3. Nc3 Nxd5 4. Nxd5 Qxd5 5. Nf3 Bg4 6. Be2 e6 7. O-O Be7
8. c4 Qa5 9. d4 c6 10. Ne5 Bxe2 11. Qxe2 O-O 12. Bd2 Qc7 13. Bf4 Qd8 14. Rad1
Bg5 15. Bxg5 Qxg5 16. Rd3 Na6 17. Rb3 Qe7 18. c5 Rad8 19. Nxc6 bxc6 20. Qxa6
Rxd4 21. Qxc6 Rc4 22. Rb5 Rd8 23. b4 g6 24. Rb7 Qf6 25. a3 Rc2 26. Qf3 Qxf3 27.
gxf3 a5 28. Kg2 Rd3 29. Ra1 Rdd2 30. Rc7 Rxf2+ 31. Kg3 Rg2+ 32. Kf4 axb4 33.
axb4 Rc4+ 34. Ke5 Rg5+ 35. Kd6 Rd5+ 36. Ke7 Rxb4 37. c6 Rc4 38. Ra6 h5 39. Rd7
Rdc5 40. Rd6 h4 41. h3 Rc3 42. Kd7 Rxf3 43. c7 Rxc7+ 44. Kxc7 Rxh3 45. Ra4 Rc3+
46. Kd7 g5 47. Ke7 Kg7 48. Rd2 Rf3 49. Rg2 Kh6 50. Ra5 f5 51. Kf6 g4 52. Ra8
Kh7 53. Rc2 1-0

[Event "Landesliga Ost MV 2014-15"]
[Site "Mecklenburg-Vorpommern"]
[Date "2015.02.22"]
[Round "6.4"]
[White "Wiese, Frank"]
[Black "Wittig, Harry"]
[Result "1-0"]
[WhiteElo "1875"]
[BlackElo "1867"]
[PlyCount "65"]
[EventType "team-tourn"]
[EventRounds "9"]
[EventCountry "GER"]
[SourceDate "2014.04.06"]
[WhiteTeam "SV Waterkant Saal"]
[BlackTeam "ESV Waren"]

1. d4 d5 2. c4 c6 3. cxd5 cxd5 4. Nc3 Nc6 5. Bf4 Nf6 6. e3 e6 7. Bd3 a6 8. Rc1
Be7 9. h3 O-O 10. Nf3 Nd7 11. O-O f5 12. a3 Nb6 13. Na4 Nxa4 14. Qxa4 Bd7 15.
Qb3 Na5 16. Qc3 Nc6 17. Rc2 Be8 18. Rfc1 Bd6 19. Ng5 Qe7 20. Bxd6 Qxd6 21. f4
Bh5 22. g4 Be8 23. Qc5 Qxc5 24. Rxc5 Bd7 25. gxf5 exf5 26. Rxd5 Rad8 27. Bc4
Kh8 28. Rd6 Be8 29. Rxd8 Nxd8 30. Ne6 Nxe6 31. Bxe6 g6 32. Rc7 b6 33. d5 1-0

[Event "Landesliga Ost MV 2014-15"]
[Site "Mecklenburg-Vorpommern"]
[Date "2015.02.22"]
[Round "6.5"]
[White "Dohnow, Thomas"]
[Black "Richter, Frank"]
[Result "1/2-1/2"]
[WhiteElo "1747"]
[BlackElo "1730"]
[PlyCount "105"]
[EventType "team-tourn"]
[EventRounds "9"]
[EventCountry "GER"]
[SourceDate "2014.04.06"]
[WhiteTeam "ESV Waren"]
[BlackTeam "SV Waterkant Saal"]

1. c4 c5 2. Nc3 Nc6 3. Nf3 g6 4. d4 cxd4 5. Nxd4 Bg7 6. Nxc6 bxc6 7. Qc2 Nf6 8.
g3 O-O 9. Bg2 Bb7 10. O-O Qc7 11. Bg5 h6 12. Bf4 e5 13. Bd2 d5 14. cxd5 cxd5
15. Rac1 Qd7 16. Qa4 Bc6 17. Qa5 Rfb8 18. b3 Bf8 19. Qa6 Rb6 20. Qd3 e4 21. Qb1
Re8 22. e3 Ba3 23. Rc2 Bb7 24. Bc1 Bf8 25. Bb2 Ba6 26. Na4 Rc6 27. Rxc6 Qxc6
28. Rc1 Qd6 29. Nc5 Bc8 30. Qc2 Bg7 31. Qd2 Nd7 32. Bxg7 Kxg7 33. Nxe4 Qe6 34.
Nc3 Nb6 35. Nxd5 Rd8 36. Qc3+ Kg8 37. Nxb6 axb6 38. Qc7 Rf8 39. Rc6 Qg4 40. Rc1
Qe6 41. Qc6 Rd8 42. Qc7 Rf8 43. Rd1 Qf6 44. Qd6 Qb2 45. Qxb6 Qxa2 46. b4 Qe2
47. Qd4 Bg4 48. Ra1 Rc8 49. Bf1 Qf3 50. Qf4 Qxf4 51. exf4 Rb8 52. b5 Kf8 53.
Rb1 1/2-1/2

[Event "Landesliga Ost MV 2014-15"]
[Site "Mecklenburg-Vorpommern"]
[Date "2015.02.22"]
[Round "6.6"]
[White "Nickel, Reimo"]
[Black "Lotz, Robert"]
[Result "1-0"]
[WhiteElo "1751"]
[BlackElo "1712"]
[PlyCount "117"]
[EventType "team-tourn"]
[EventRounds "9"]
[EventCountry "GER"]
[SourceDate "2014.04.06"]
[WhiteTeam "SV Waterkant Saal"]
[BlackTeam "ESV Waren"]

1. d4 g6 2. c4 Bg7 3. Nf3 d6 4. Bg5 Nf6 5. Nbd2 O-O 6. e3 c5 7. Be2 cxd4 8.
Nxd4 h6 9. Bh4 Bd7 10. O-O Nc6 11. N2f3 g5 12. Bg3 Ne4 13. Qc2 Nxd4 14. Nxd4
Nxg3 15. hxg3 Qb6 16. Rfd1 a6 17. Rab1 Qc7 18. Nf5 Bxf5 19. Qxf5 e6 20. Qe4 Qe7
21. Rd2 Rfd8 22. Rbd1 Rd7 23. Bf3 Rad8 24. Qc2 f5 25. Qb3 g4 26. Be2 h5 27. Qd3
Kh7 28. e4 Kg6 29. f3 Bh6 30. f4 Bf8 31. Kf1 d5 32. cxd5 exd5 33. exf5+ Kh6 34.
Qb3 Qb4 35. Qxb4 Bxb4 36. Rc2 d4 37. Bd3 Kg7 38. a3 Bd6 39. Re1 Bb8 40. Re6 Rd6
41. Re7+ Kf6 42. Rxb7 R6d7 43. Rb6+ Rd6 44. Rcc6 Ke7 45. Rxd6 Bxd6 46. Bxa6 Rd7
47. Rb7 Rxb7 48. Bxb7 Bc5 49. Be4 Kd7 50. Ke2 Be7 51. Kd3 Bf6 52. b3 Kc7 53.
Kc4 h4 54. gxh4 Bxh4 55. Kxd4 Bf6+ 56. Kd5 Kd7 57. a4 Bc3 58. f6 Bxf6 59. Bf5+
1-0

[Event "Landesliga Ost MV 2014-15"]
[Site "Mecklenburg-Vorpommern"]
[Date "2015.02.22"]
[Round "6.7"]
[White "Mayerhoff, Lothar"]
[Black "Ehmann, Roland"]
[Result "1/2-1/2"]
[WhiteElo "1560"]
[BlackElo "1546"]
[PlyCount "75"]
[EventType "team-tourn"]
[EventRounds "9"]
[EventCountry "GER"]
[SourceDate "2014.04.06"]
[WhiteTeam "ESV Waren"]
[BlackTeam "SV Waterkant Saal"]

1. d4 d5 2. Nf3 e6 3. g3 c6 4. Bg2 f5 5. Nbd2 Nf6 6. Ne5 Bd6 7. Ndf3 O-O 8. Bg5
Qb6 9. Qc1 Ne4 10. Be3 Qc7 11. Nd3 Nd7 12. O-O c5 13. dxc5 Ndxc5 14. Nxc5 Bxc5
15. Bxc5 Qxc5 16. Ne5 Qd4 17. Nd3 Bd7 18. c3 Qb6 19. Qd1 Bb5 20. Bxe4 fxe4 21.
Nf4 Rxf4 22. gxf4 Rf8 23. Qd2 Qd6 24. e3 e5 25. Rfd1 Bd3 26. Kh1 exf4 27. Rg1
f3 28. Rg4 Rf5 29. Rag1 g6 30. Rg5 Rxg5 31. Rxg5 Qd8 32. Rg3 Qa5 33. a3 Qb5 34.
Qc1 Kf7 35. h3 Be2 36. Rg5 h6 37. Rg3 Bf1 38. Kg1 1/2-1/2

[Event "Landesliga Ost MV 2014-15"]
[Site "Mecklenburg-Vorpommern"]
[Date "2015.02.22"]
[Round "6.8"]
[White "Nickel, Udo"]
[Black "Stork, Leonard Christopher"]
[Result "1/2-1/2"]
[WhiteElo "1703"]
[BlackElo "1388"]
[PlyCount "74"]
[EventType "team-tourn"]
[EventRounds "9"]
[EventCountry "GER"]
[SourceDate "2014.04.06"]
[WhiteTeam "SV Waterkant Saal"]
[BlackTeam "ESV Waren"]

1. d4 Nf6 2. c4 g6 3. Nc3 d5 4. Nf3 Bg7 5. cxd5 Nxd5 6. e4 Nxc3 7. bxc3 c5 8.
Bb5+ Bd7 9. Bxd7+ Qxd7 10. O-O Nc6 11. Bb2 cxd4 12. cxd4 Rd8 13. e5 O-O 14. Qb3
e6 15. Rfd1 Ne7 16. Ba3 Rfe8 17. Rab1 b6 18. Bxe7 Rxe7 19. Rbc1 Qd5 20. h3 Qxb3
21. axb3 Red7 22. Rc6 Bf8 23. Rdc1 Rd5 24. Rc7 R8d7 25. Rc8 Kg7 26. R8c7 h6 27.
Kf1 Ba3 28. Rxd7 Rxd7 29. Ra1 Bb2 30. Ra2 Bc3 31. Ra4 g5 32. Rc4 Bb2 33. Ke2
Kg6 34. Kd3 Ba3 35. Ke4 h5 36. g4 hxg4 37. hxg4 Be7 1/2-1/2

[Event "Landesliga Ost MV 2014-15"]
[Site "Mecklenburg-Vorpommern"]
[Date "2015.02.22"]
[Round "6.1"]
[White "Hagenlueke, Thomas"]
[Black "Patzenhauer, Max"]
[Result "0-1"]
[WhiteElo "1940"]
[BlackElo "1918"]
[PlyCount "122"]
[EventType "team-tourn"]
[EventRounds "9"]
[EventCountry "GER"]
[SourceDate "2014.04.06"]
[WhiteTeam "Greifswalder SV  II"]
[BlackTeam "SV Motor Wolgast"]

1. d4 g6 2. c4 Bg7 3. e4 d6 4. Nc3 Nc6 5. d5 Nd4 6. Nge2 c5 7. Nxd4 Bxd4 8. Be2
a6 9. O-O Nf6 10. Qd3 Bg4 11. h3 Bd7 12. Be3 Bxe3 13. Qxe3 O-O 14. e5 Ne8 15.
Bg4 Ng7 16. Bxd7 Qxd7 17. exd6 exd6 18. Ne4 f5 19. Ng5 Rae8 20. Qc3 h6 21. Nf3
Nh5 22. Rfe1 Qg7 23. Qxg7+ Kxg7 24. g3 Nf6 25. Nd2 Kf7 26. Kf1 g5 27. Rab1
Rxe1+ 28. Kxe1 Re8+ 29. Kf1 Ne4 30. Nxe4 Rxe4 31. b4 cxb4 32. Rxb4 b5 33. Rb3
Rxc4 34. Re3 Re4 35. Rc3 Rc4 36. Re3 Rd4 37. Re6 Rxd5 38. Rxh6 Rd2 39. Ke1 Rxa2
40. Rxd6 b4 41. Rb6 a5 42. h4 gxh4 43. gxh4 Ra3 44. Kd2 Ra2+ 45. Ke3 Rb2 46.
Ra6 Ra2 47. Rb6 Ra3+ 48. Kf4 Rc3 49. Rb5 Rc4+ 50. Kxf5 a4 51. Rb7+ Kg8 52. Rb8+
Kf7 53. Rb7+ Ke8 54. h5 a3 55. Ra7 Rc2 56. f4 a2 57. h6 b3 58. h7 Rh2 59. Ra8+
Ke7 60. Ra7+ Kd6 61. Kf6 Rxh7 0-1

[Event "Landesliga Ost MV 2014-15"]
[Site "Mecklenburg-Vorpommern"]
[Date "2015.02.22"]
[Round "6.2"]
[White "Reinke, Thomas"]
[Black "Hertel, Johannes"]
[Result "1-0"]
[WhiteElo "1883"]
[BlackElo "1911"]
[PlyCount "77"]
[EventType "team-tourn"]
[EventRounds "9"]
[EventCountry "GER"]
[SourceDate "2014.04.06"]
[WhiteTeam "SV Motor Wolgast"]
[BlackTeam "Greifswalder SV  II"]

1. e4 c5 2. Nc3 Nc6 3. g3 g6 4. Bg2 Bg7 5. d3 e6 6. f4 Nge7 7. Nf3 d5 8. e5 a6
9. d4 cxd4 10. Nxd4 Nxd4 11. Qxd4 Nf5 12. Qd3 Qb6 13. Nd1 Bd7 14. Be3 Nxe3 15.
Qxe3 Qxe3+ 16. Nxe3 Rc8 17. c3 g5 18. Kd2 gxf4 19. gxf4 Bh6 20. Rhf1 Rg8 21.
Rf3 Ke7 22. Raf1 Bc6 23. Rg3 Rxg3 24. hxg3 Rg8 25. Rh1 Bxf4 26. gxf4 d4 27.
cxd4 Bxg2 28. Rg1 Rd8 29. Nxg2 Rxd4+ 30. Kc3 Rd8 31. Rh1 Rg8 32. Ne3 Rg3 33.
Kd4 Rf3 34. Rf1 Rh3 35. Ng4 h5 36. Nf2 Rg3 37. Rh1 f6 38. exf6+ Kxf6 39. Ne4+
1-0

[Event "Landesliga Ost MV 2014-15"]
[Site "Mecklenburg-Vorpommern"]
[Date "2015.02.22"]
[Round "6.3"]
[White "Schwahn, Christian"]
[Black "Riebort, Frank"]
[Result "1-0"]
[WhiteElo "1947"]
[BlackElo "1885"]
[PlyCount "63"]
[EventType "team-tourn"]
[EventRounds "9"]
[EventCountry "GER"]
[SourceDate "2014.04.06"]
[WhiteTeam "Greifswalder SV  II"]
[BlackTeam "SV Motor Wolgast"]

1. e4 e5 2. Nf3 Nf6 3. Nxe5 d6 4. Nf3 Nxe4 5. d3 Nf6 6. d4 d5 7. Bd3 Be7 8. O-O
O-O 9. h3 Nc6 10. c3 Ne4 11. Bf4 f5 12. c4 Be6 13. cxd5 Bxd5 14. Nc3 Nxc3 15.
bxc3 Bd6 16. Ne5 Bxe5 17. dxe5 g5 18. Bh2 Qe7 19. Qh5 Rad8 20. Bc2 Qg7 21. Bb3
f4 22. e6 Ne7 23. Rae1 Bxb3 24. axb3 Rd3 25. Qe2 Rxc3 26. Qb5 b6 27. Qd7 Rc5
28. g3 Rff5 29. gxf4 gxf4+ 30. Kh1 Rfd5 31. Rg1 Ng6 32. e7 1-0